[Event "St Petersburg"]
[Site "St Petersburg"]
[Date "1997.04.24"]
[Round "8"]
[White "Svidler, Peter"]
[Black "Aseev, Konstantin N"]
[Result "0-1"]
[WhiteElo "2640"]
[BlackElo "2530"]
[Annotator "Aseev,K"]
[PlyCount "50"]
[EventDate "1997.??.??"]
[EventType "tourn"]
[EventRounds "11"]
[EventCountry "RUS"]
[EventCategory "14"]
[SourceTitle "CBM 059"]
[Source "ChessBase"]
[SourceDate "1997.08.01"]
[SourceVersion "1"]
[SourceVersionDate "1997.08.01"]
[SourceQuality "1"]

1. e4 c5 2. Nf3 d6 3. d4 cxd4 4. Nxd4 Nf6 5. Nc3 Nc6 6. Bg5 Bd7 7. Qd2 Nxd4 8.
Qxd4 Qa5 9. f4 h6 10. Bxf6 gxf6 11. O-O-O Rc8 12. Be2 Qc5 13. Qd2 $6 (13. Qd3
$142 $14) 13... Bg7 (13... e6 $6 14. Bf3 Be7 15. Kb1 Rc7 16. f5 b5 17. Ne2 e5
18. Nc3 $16 {1-0 Leko,P-Lendwai,R/Erevan olm 1996/EXT 96ch2 (37)}) 14. Kb1 $2 (
14. f5 $2 h5 15. Z0 Bh6 16. Z0 Bf4 17. Z0 Be5) (14. g4 h5 $1 15. h3 (15. gxh5
f5 16. e5 Bc6 17. Rhg1 (17. exd6 Rd8 $17) 17... Bh6 18. exd6 Rd8 $17) 15... f5
$5 16. exf5 Bxc3 17. Qxc3 Qxc3 18. bxc3 Rxc3 $13) (14. Rhf1 $142 $13) 14... f5
15. e5 O-O $1 (15... Bc6 16. Qd3 $8 $13 (16. exd6 $2 Rd8 $17)) 16. g4 (16. exd6
e6 {/\Qc5-b6} 17. Rhf1 b5 $5 $44 {|^}) 16... Rfd8 17. g5 (17. Rhg1 dxe5 18.
gxf5 Bxf5 19. Bd3 $17 (19. Qxd8+ Rxd8 20. Rxd8+ Kh7 $17)) 17... dxe5 18. Rhg1
$2 (18. gxh6 $5 Bf6 (18... Bxh6 19. Qe1 $1 $132) 19. Nd5 Be6 20. c4 (20. Nxf6+
exf6 21. Bd3 (21. Qc1 $17) 21... e4 22. Qg2+ Kf8 $19) 20... Bxd5 21. cxd5 e4 $5
$17) 18... Be8 $5 19. Nd5 (19. Bd3 h5) 19... hxg5 (19... Rxd5 $2 20. Qxd5 Qxc2+
21. Ka1 exf4 22. Rb1 $132) 20. c4 $8 (20. Rxg5 $2 Rxd5 21. Qxd5 Qxc2+ 22. Ka1
Qc1+ 23. Rxc1 Rxc1#) (20. fxe5 Rxd5 21. Qxd5 Qxc2+ 22. Ka1 Qxe2 23. Rxg5 Qe3 $5
$19) 20... g4 $138 21. Bxg4 $2 (21. fxe5 Kf8 $5 $19 (21... e6 22. Bxg4 $1 {[]})
22. Bxg4 (22. Qg5 $2 Rxd5) (22. b4 Qc6 $19) 22... fxg4 23. Rxg4 Bd7) 21... fxg4
22. Rxg4 Bd7 23. Rg5 f6 $19 24. b4 Qxc4 25. Nxe7+ Kf8 0-1

[Event "Nordic Grand Prix"]
[Site "Torshavn"]
[Date "1997.??.??"]
[Round "1"]
[White "Lejlic, Samir"]
[Black "Svidler, Peter"]
[Result "0-1"]
[WhiteElo "2405"]
[BlackElo "2640"]
[PlyCount "74"]
[EventDate "1997.02.07"]
[EventType "swiss"]
[EventRounds "9"]
[EventCountry "FAI"]
[SourceTitle "CBM 056 Extra"]
[Source "ChessBase"]
[SourceDate "1997.03.01"]
[SourceVersion "1"]
[SourceVersionDate "1997.03.01"]
[SourceQuality "1"]

1. e4 c5 2. Nf3 Nc6 3. d4 cxd4 4. Nxd4 Nf6 5. Nc3 d6 6. f3 e6 7. Be3 a6 8. Qd2
Be7 9. O-O-O Qc7 10. g4 Rb8 11. h4 b5 12. Nxc6 Qxc6 13. h5 Nd7 14. g5 Bb7 15.
Rh3 Rc8 16. Ne2 Ne5 17. Nd4 Qd7 18. Qh2 Rf8 19. Bf4 Qc7 20. Kb1 Rd8 21. b3 Nc6
22. Ne2 e5 23. Bc1 Nb4 24. c3 Nc6 25. Rg3 Bc8 26. f4 f5 27. gxf6 Bxf6 28. f5 h6
29. Rgd3 Bb7 30. Ba3 Ne7 31. Rxd6 Bxe4+ 32. Kb2 Rxd6 33. Bxd6 Qc6 34. Ng3 Bf3
35. Be2 e4 36. Bxf3 Qxc3+ 37. Ka3 Qa5# 0-1

[Event "Nordic Grand Prix"]
[Site "Torshavn"]
[Date "1997.??.??"]
[Round "4"]
[White "Svidler, Peter"]
[Black "Sokolov, Ivan"]
[Result "1/2-1/2"]
[WhiteElo "2640"]
[BlackElo "2615"]
[PlyCount "33"]
[EventDate "1997.02.07"]
[EventType "swiss"]
[EventRounds "9"]
[EventCountry "FAI"]
[SourceTitle "CBM 056 Extra"]
[Source "ChessBase"]
[SourceDate "1997.03.01"]
[SourceVersion "1"]
[SourceVersionDate "1997.03.01"]
[SourceQuality "1"]

1. e4 e5 2. Nf3 Nc6 3. Bb5 a6 4. Ba4 Nf6 5. O-O Be7 6. Re1 b5 7. Bb3 O-O 8. h3
Bb7 9. d3 d6 10. a3 Qd7 11. Nc3 Rae8 12. Bd2 Nd8 13. Ne2 Ne6 14. Ng3 Bd8 15. c3
c5 16. Bc2 Bc7 17. c4 1/2-1/2

[Event "St Petersburg-ch"]
[Site "St Petersburg"]
[Date "1997.??.??"]
[Round "6"]
[White "Svidler, Peter"]
[Black "Epishin, Vladimir"]
[Result "1/2-1/2"]
[WhiteElo "2640"]
[BlackElo "2600"]
[Annotator "Hansen,Cu"]
[PlyCount "55"]
[EventDate "1997.03.04"]
[EventType "swiss"]
[EventRounds "9"]
[EventCountry "RUS"]
[SourceTitle "CBM 058"]
[Source "ChessBase"]
[SourceDate "1997.06.01"]
[SourceVersion "1"]
[SourceVersionDate "1997.06.01"]
[SourceQuality "1"]

1. e4 c6 2. d4 d5 3. e5 Bf5 4. Nf3 e6 5. Be2 c5 6. Be3 {This move came to
prominence after the third matchgame of Gelfand-Karpov 1995 where white won a
convincing game. Epishin has been working as Karpovs second for some time so
his reaction is of some interest.} cxd4 {The game with Kamsky given below was
played after the match with Gelfand and blacks problems seemed not completely
solved yet.} (6... Nd7 7. c4 dxc4 8. O-O a6 9. Bxc4 Ne7 10. Nc3 b5 11. Bd3 c4
12. Bc2 Rc8 13. Re1 b4 14. Ne4 Nd5 15. Bg5 Qa5 16. Nh4 $14 {Kamsky,G-Karpov,An/
Dos Hermanas (08) 1995 (38). White went on to win. Since this game Karpov has
stopped playing 5..c5 and has changed to 5.Be2 Ne7. After 6.0-0 he has tried
out different things - also 6..c5}) 7. Nxd4 Ne7 8. c4 Nbc6 9. Qa4 a6 (9... dxc4
10. Na3 Qa5+ 11. Qxa5 Nxa5 12. Nab5 (12. Nxc4 Nxc4 13. Bxc4 $14) 12... Nd5 13.
Nxf5 exf5 14. Bd2 a6 15. Nd4 Bb4 16. Nxf5 O-O 17. Bxb4 Nxb4 18. O-O $14 {
Gelfand,B-Karpov,An/Sanghi Nagar (m/3) 1995 (45)}) 10. Na3 Qa5+ 11. Qxa5 Nxa5
12. O-O $2 (12. cxd5 {This is critical} exd5 (12... Nxd5 $5 {I think Epishin
would have tried this move. Is it enough to equalise?}) 13. O-O Nac6 14. Rad1
$14 {Gallagher,J-Krueger,K/Bern/1995/}) 12... dxc4 13. Nxc4 Nxc4 14. Bxc4 Be4
$11 {Now black has no problems. No pawn weaknesses and white did not even get
the bishop pair.} 15. Rac1 Bd5 16. Be2 Rc8 17. f4 (17. Rxc8+ Nxc8 18. Rc1 Kd7
$11) 17... Rxc1 18. Rxc1 Kd7 19. a3 Nc6 20. Nf3 Be7 21. Nd2 Rd8 22. Nc4 Ke8 23.
Bb6 Bxc4 24. Bxc4 Rd2 25. b4 Nd4 26. Bxa6 bxa6 27. Rc8+ Kd7 28. Rc7+ 1/2-1/2

[Event "St Petersburg-ch"]
[Site "St Petersburg"]
[Date "1997.03.12"]
[Round "7"]
[White "Ivanov, Sergey"]
[Black "Svidler, Peter"]
[Result "1/2-1/2"]
[WhiteElo "2515"]
[BlackElo "2640"]
[Annotator "Huzman,A"]
[PlyCount "78"]
[EventDate "1997.03.04"]
[EventType "swiss"]
[EventRounds "9"]
[EventCountry "RUS"]
[SourceTitle "CBM 058"]
[Source "ChessBase"]
[SourceDate "1997.06.01"]
[SourceVersion "1"]
[SourceVersionDate "1997.06.01"]
[SourceQuality "1"]

1. d4 g6 2. c4 Bg7 3. e4 d6 4. Nc3 Nf6 5. Nf3 O-O 6. Be2 e5 7. O-O Nbd7 8. Re1
c6 9. Bf1 exd4 10. Nxd4 Re8 11. Bf4 Nc5 12. Qc2 Ng4 13. Rad1 (13. Nb3 Ne6 14.
Bg3 Be5 15. Rad1 Qg5 16. Bxe5 $6 dxe5 17. Qd2 Qh5 18. h3 Nf6 $11 {Wegner,
Hannu-Vogt,Lothar/Bundesliga 1996/0-1 (59)}) 13... Qe7 $6 {/\14...Bd415.Rd4Ne6}
(13... Ne5 $5 14. Bg3 Qb6) (13... Bxd4 14. Rxd4 Qf6 15. Ne2 Nxf2 {ECO meint
nur 15...Ne6 16.Rd6+/-} 16. Kxf2 (16. Rxd6 Qe7 17. Nc3 Ng4 18. b4 $6 Ne6 19.
Bg3 Ng7 $1 $13 {Meduna-Mista/CSSR/1980/}) 16... g5 17. Rxd6 Qe7 18. e5 gxf4 19.
Nxf4 f5 (19... Qg5 $1 {N} 20. g3 {Knaak 1/2-1/2 Burgess,G-Schlosser,M/
Prestwich 1990} (20. Qd2 Bf5 21. Rd4 Rad8 $10) (20. g3 Bf5 21. Bd3 Bxd3 22.
Nxd3 Nxd3+ 23. Qxd3 Rxe5 $10)) 20. Bd3 Nd7 21. Re6 Qc5+ 22. Kf1 Rxe6 23. Nxe6
Qe7 24. c5 $18 {1-0 Adamski,J-Mista,L/Trinec 1980 (32)}) (13... Be5 14. Bg3 Qf6
15. Qd2 h5 16. f3 Bxg3 17. hxg3 Ne5 18. f4 Ng4 19. Nf3 $16 {1-0 Averkin,
O-Geller,E/URS-ch37 Moscow 1969 (29)}) 14. Bg3 (14. Nxc6 $2 bxc6 15. Bxd6 Qh4
16. h3 Bxc3 17. bxc3 Nxf2) (14. Nb3 $5 Be5 (14... Nxb3 15. axb3 $14) 15. Qd2
$14) 14... h5 $6 {Getting the worse position the black try to open tactical
complications,but with the help of counterblow the white receive great
advantage.} (14... a5 15. Nb3 $14) (14... Ne5 $142 15. f4 Ng4 $14) 15. h3 h4
16. Nxc6 bxc6 17. Bxd6 Qg5 18. hxg4 (18. f4 Qh5 $8 (18... Qf6 $2 19. hxg4 (19.
Bxc5 Qxf4 20. hxg4 Be5 $132 21. g3 Qxg4) 19... Bxg4 20. Be2 $18) 19. e5 (19.
hxg4 Bxg4 20. Rd2 Ne6 $44) (19. Be2 Bxc3 20. Qxc3 Nxe4 $11) 19... Ne6 (19...
Bf5 20. Qd2) (19... Nb7 20. hxg4 Bxg4 21. Be2) 20. Qe4 Nxf4 21. hxg4 Qxg4 22.
e6 Nh3+ 23. Kh2 Qxe4 24. Nxe4 $16) 18... Bxg4 19. Qd2 Qh5 (19... Qxd2 20. Rxd2
Bxc3 21. bxc3 Nxe4 22. Rxe4 Rxe4 23. f3 Bxf3 24. gxf3 $16) 20. f3 Be6 21. Ne2 (
21. Nd5 cxd5 22. exd5 $16) 21... Rad8 22. Nf4 (22. Qe3 Nb7 23. Bc7 $1 {xa5}
Rxd1 24. Rxd1 Bxc4 25. Qxa7 $16) 22... Qg5 23. Nxe6 $2 (23. b4 $1 Rxd6 (23...
Nb7 24. Nxe6 Qxd2 25. Rxd2 Rxe6 26. Bf4 Bd4+ 27. Kh1 c5 28. Red1 $16) (23...
Be5 24. Nxe6 (24. bxc5 Rxd6 25. cxd6 Bxf4 26. Qf2 $132 {/+/-}) 24... Qxd2 25.
Rxd2 Nxe6 26. Red1 $16 {/+-}) 24. Qxd6 Be5 25. Qxc6 Qxf4 (25... Rc8 26. Nxe6
$18) 26. Qxe8+ Kg7 27. bxc5 h3 (27... Qh2+ 28. Kf2 Bg3+ 29. Ke3 $18) 28. Rd8
Qh2+ 29. Kf2 Qg3+ 30. Ke2 Bxc4+ 31. Kd1 $18) 23... Qxd2 24. Rxd2 Rxe6 25. Bf4
Rxd2 26. Bxd2 Bxb2 27. Be3 Na4 28. Bxa7 (28. Rd1 $5) 28... c5 29. Bb8 Bd4+ 30.
Kh2 Nc3 31. Kh3 Nxa2 32. Bf4 Nb4 33. Bg5 (33. Rb1 $5) 33... f6 34. Bxh4 g5 35.
Bg3 Nc2 36. Rc1 Ne3 $132 {[%cal Gf6f5]} 37. Bf2 f5 38. Bxe3 $2 (38. exf5 $142
Rh6+ 39. Kg3 Be5+ (39... Nxf5+ 40. Kg4 Ne3+ 41. Bxe3 (41. Kxg5 Rh1 42. Kf4
Nxg2+ (42... Rxf1 $2 43. Rxf1 Nxf1 44. Bxd4 cxd4 45. Ke4 Ne3 46. c5) 43. Kg3
Ne3 $14 {/=}) 41... Bxe3 42. Rb1 $14 {/+/-}) 40. f4 Bxf4+ 41. Kf3 Nxf5 42. Rd1
Nd4+ 43. Bxd4 cxd4 44. Rxd4 $14 {/+/-}) 38... Bxe3 39. Rd1 fxe4 1/2-1/2

[Event "EU-chT (Men) 11th"]
[Site "Pula"]
[Date "1997.05.??"]
[Round "8.2"]
[White "Svidler, Peter"]
[Black "Adams, Michael"]
[Result "1/2-1/2"]
[WhiteElo "2640"]
[BlackElo "2660"]
[PlyCount "47"]
[EventDate "1997.05.05"]
[EventType "team-swiss"]
[EventRounds "9"]
[EventCountry "CRO"]
[SourceTitle "CBM 057 Extra"]
[Source "ChessBase"]
[SourceDate "1997.05.01"]
[SourceVersion "1"]
[SourceVersionDate "1997.05.01"]
[SourceQuality "1"]
[WhiteTeam "Russia"]
[BlackTeam "England"]
[WhiteTeamCountry "RUS"]
[BlackTeamCountry "ENG"]

1. e4 e5 2. Nf3 Nc6 3. Bb5 a6 4. Ba4 Nf6 5. O-O Be7 6. Re1 b5 7. Bb3 O-O 8. a4
Bb7 9. d3 d6 10. Nbd2 Re8 11. Nf1 h6 12. Ne3 Bf8 13. Bd2 Ne7 14. c4 c6 15. Qc2
Ng6 16. Nf5 bxc4 17. Bxc4 d5 18. Ba2 c5 19. Ng3 c4 20. exd5 cxd3 21. Qxd3 Bxd5
22. Bxd5 Qxd5 23. Qxd5 Nxd5 24. Rad1 1/2-1/2

[Event "EU-chT (Men) 11th"]
[Site "Pula"]
[Date "1997.05.??"]
[Round "9.2"]
[White "Fedorov, Alexei"]
[Black "Svidler, Peter"]
[Result "1/2-1/2"]
[WhiteElo "2580"]
[BlackElo "2640"]
[Annotator "Bangiev,A"]
[PlyCount "53"]
[EventDate "1997.05.05"]
[EventType "team-swiss"]
[EventRounds "9"]
[EventCountry "CRO"]
[SourceTitle "CBM 057 Extra"]
[Source "ChessBase"]
[SourceDate "1997.05.01"]
[SourceVersion "1"]
[SourceVersionDate "1997.05.01"]
[SourceQuality "1"]
[WhiteTeam "Belarus"]
[BlackTeam "Russia"]
[WhiteTeamCountry "BLR"]
[BlackTeamCountry "RUS"]

1. e4 e5 2. f4 exf4 3. Nf3 h6 4. b3 d5 $5 5. exd5 Nf6 6. Bb2 Be7 (6... Nxd5 7.
c4 (7. Qe2+ Be6) (7. Bc4 Qe7+ 8. Qe2 Qxe2+ 9. Kxe2 Nb6 10. Bd3 Nc6 $132) 7...
Nf6 8. Qe2+ Be6 9. Nd4 $13) 7. Nc3 O-O 8. Qe2 Nbd7 9. O-O-O Re8 10. Qf2 (10. g3
$5 Nb6 (10... Bd6 11. Qg2) (10... Ba3 11. Qg2 Bxb2+ 12. Kxb2 fxg3 13. Rg1 $13)
11. Qg2 Nbxd5 12. Nxd5 Nxd5 13. gxf4 (13. Re1) 13... Bf6 14. Be5 Bf5 $15) 10...
Ng4 {[%csl Rf2]} (10... Nb6 11. Bb5 Bd7 12. Bxd7 Qxd7 13. Ne5 Qf5 14. Nd3 Nbxd5
15. Nxd5 Nxd5 16. g4 $5 $13) 11. Qd4 (11. Qg1 Bc5 $17) 11... Bf6 12. Qg1 Be7 (
12... Nb6 $5) 13. g3 $5 (13. h3 $5 Ngf6 (13... Bc5 $2 14. d4) (13... Nge5 14.
Nxe5 Nxe5 15. Qf2 $14) 14. g4 fxg3 15. Qxg3 Bd6 16. Qg2 $13) 13... Bc5 14. Qg2
Nf2 15. gxf4 Nxd1 (15... Nxh1 16. Bc4 $5 (16. Ne4 $2 Bf8) 16... Nf2 17. Ne4 $1
g6 18. Nxf2 $44) 16. Nxd1 Nf6 17. Bc4 Bf5 18. Nf2 Nh5 19. Rg1 g6 20. Ne5 $5 (
20. Be5 a6 {/\ 21...b5}) 20... Nxf4 21. Qf3 Qh4 22. d4 Bxd4 $6 (22... Bd6 23.
Kb1 {/\24.Bc1} (23. Qg3 Qg5 $17) 23... f6 $5 (23... Rad8 $6 24. Bc1 Bxe5 25.
dxe5 $36) 24. Bd3 $13) 23. Bxd4 Ne2+ 24. Bxe2 Qxd4 25. Qxf5 Rxe5 26. Rxg6+ fxg6
27. Qxg6+ 1/2-1/2

[Event "RUS-ch m1-2"]
[Site "Elista"]
[Date "1997.06.04"]
[Round "6.2"]
[White "Svidler, Peter"]
[Black "Bareev, Evgeny"]
[Result "1-0"]
[WhiteElo "2640"]
[BlackElo "2665"]
[Annotator "Svidler,P"]
[PlyCount "101"]
[EventDate "1997.05.19"]
[EventType "k.o."]
[EventRounds "6"]
[EventCountry "RUS"]
[SourceTitle "CBM 059"]
[Source "ChessBase"]
[SourceDate "1997.08.01"]
[SourceVersion "1"]
[SourceVersionDate "1997.08.01"]
[SourceQuality "1"]

1. e4 e6 2. d4 d5 3. Nc3 Nf6 4. e5 Nfd7 5. f4 c5 6. Nf3 Nc6 7. Be3 Qb6 8. Na4
Qa5+ 9. c3 c4 10. b4 Qc7 11. g3 $5 (11. Be2) 11... Be7 (11... b5 12. Nc5 a5 13.
a3 axb4 (13... Be7 14. Bg2 O-O 15. O-O Nxc5 16. dxc5 Bd7 17. Nd4 Nxd4 18. Bxd4
Ra6 19. Qf3 axb4 20. axb4 Rfa8 21. Rae1 Bf8 22. h4 Ra2 23. Re2 Qb7 24. h5 Rxe2
25. Qxe2 Ra3 26. f5 exf5 27. h6 Be6 28. hxg7 Bxg7 29. Bh3 Qa6 30. Qh5 Ra1 31.
Bxf5 Rxf1+ 32. Kxf1 h6 33. Kg2 Kf8 34. Bxe6 Qxe6 35. g4 Ke7 36. Qf5 Kd7 37. Kh3
Bf8 38. Be3 Bg7 39. Bd4 Bf8 40. Kg3 Ke7 41. Kh4 Qa6 42. Qf6+ Qxf6+ 43. exf6+
Ke6 44. Kg3 Kd7 45. Kf3 Ke6 46. Kf4 h5 47. g5 {1-0, Rechlis-Korchnoj (Beer
Sheva 1988)}) 14. axb4 Rxa1 15. Qxa1 Nxc5 16. dxc5 Be7 17. Nd4 Nxd4 18. Bxd4
O-O 19. Bg2 Bd7 20. O-O Qb7 21. Qd1 Ra8 22. Qe2 Ra6 23. h4 Qa8 24. Rf2 Ra1+ 25.
Kh2 Qa3 26. f5 exf5 27. e6 Bxe6 28. Qe5 Bf8 29. c6 h6 30. Qb8 Qa8 31. c7 Kh7
32. Re2 Bd6 33. Qd8 Ra6 34. Rxe6 Bxc7 35. Qxa8 Rxa8 36. Re7 {1-0, Lau-Luther 
(Bundesliga 1995)}) 12. Bh3 (12. Bg2 f5 13. exf6 Nxf6 14. Ne5 O-O 15. O-O b6
16. Nb2 Bb7 17. Qc2 a5 18. b5 Nxe5 19. fxe5 Ne4 20. Na4 Rae8 21. Qe2 Bd8 22.
Rxf8+ Rxf8 23. Rf1 Rxf1+ 24. Qxf1 Ng5 25. Nb2 Bc8 26. Qc1 Qe7 27. a4 Bd7 $11 {
Soloshenkin-Ulibin (St. Petersburg 1995)}) 12... b5 13. Nc5 a5 14. a3 axb4 (
14... Nxc5 15. dxc5 O-O 16. Nd4 Qb7 17. O-O Bd7 18. Nxc6 Qxc6 19. Bd4 axb4 20.
axb4 Rxa1 {Remis, Luther-Atalik (Budapest 1991)}) 15. axb4 Rxa1 16. Qxa1 Nxc5
17. dxc5 O-O 18. Nd4 (18. O-O f5 $5 (18... f6 19. Nd4 fxe5 20. Nxe6 Qb7 21. Qd1
$1 $14) 19. exf6 Bxf6 20. Nd4 Nxd4 21. Bxd4 e5 (21... Bxd4+ 22. cxd4 $14) 22.
Bxc8 Rxc8 23. fxe5 Bxe5 24. Bxe5 Qxe5 25. Re1 Qf6 26. Qd1 $14) 18... Nxd4 (
18... Nxe5 19. fxe5 Qxe5 20. Qc1 Bg5 (20... Qh5 21. Bg2 e5 22. Nxb5 $18) 21.
Kf2 Bxe3+ 22. Qxe3 Qxe3+ 23. Kxe3 e5 24. Bxc8 exd4+ 25. Kxd4 Rxc8 26. Kxd5 $18)
19. Bxd4 Bb7 (19... f5 20. exf6 gxf6 (20... Bxf6 21. Bxf6 Rxf6 22. O-O $14) 21.
O-O $14 e5 $2 22. Bxc8 Rxc8 23. fxe5 fxe5 24. Qd1 $3 Rf8 (24... exd4 25. Qg4+
Kh8 26. Rf7) 25. Qg4+ Kh8 26. Rxf8+ Bxf8 27. Qf5 Bg7 28. Bxe5 $1 $18) 20. O-O
Ra8 21. Qb1 Bc8 (21... g6 $5 22. f5 exf5 23. Bxf5 gxf5 24. Qxf5 Rf8 (24... Bc8
25. e6 f6 26. Bxf6 $18) 25. Rf4 (25. e6 f6 26. Rf4 Bd8) 25... Bd8 $1 (25... Bc8
26. e6 f6 27. Rg4+ Kh8 28. Rh4 Bd8 29. e7 Qxe7 30. Qxc8 Qe1+ 31. Kg2 Qe2+ 32.
Bf2 Qc2 33. Qd7 $16) (25... h6 26. e6 Bg5 27. Rg4 Qe7 28. Bf6 $18) 26. Qh5 Bc8
27. e6 f6 $17) 22. Bg2 (22. f5 exf5 23. Bxf5 g6) 22... Ra6 23. g4 (23. f5 $5
exf5 24. Bxd5 Be6 25. Bg2 Bd7 26. Qd1 g6 $13) 23... Qd8 (23... Qa7 24. f5 Bg5
25. Qe1 Ra2 26. Be3 Bd8 (26... Bxe3+ 27. Qxe3 $40) 27. f6 $40) 24. Qc2 (24. f5
$5 Bg5 25. f6 gxf6 $5 (25... g6 26. Qe1 Qc7 27. h4 Bh6 28. g5 Bf8 29. h5 Qa7
30. Kh2 Ra2 31. hxg6 hxg6 32. Qg3 {/\ Rf1-f4-h4, Qg3-h3, Rh4-h8 matt!}) 26.
exf6 Qc7 $1 (26... e5 27. Bxe5 Bxf6 28. Bxf6 Rxf6 $14) 27. Qe1 Bf4 28. Qh4 (28.
g5 Bxh2+ 29. Kh1 Bg3 30. Qe2 Bb7 31. Qh5 Qb8 32. Qh6 Qf8 $17) 28... h6 $1 29.
Qh3 Bg5 $1 30. Be3 Qe5 31. Bxg5 Qxg5 32. Qg3 Ra2 33. h3 (33. Qb8 Qd2 (33... Kh7
34. Qc7 $16) (33... Qxg4 34. Qxc8+ Kh7 35. Rf2 Ra1+ 36. Rf1 Ra2 $11) 34. Bf3
Kh7 $13) 33... Qd2 34. Qf2 (34. Rf2 Qe1+ 35. Bf1 Rxf2 36. Qxf2 Qxc3) 34...
Qxf2+ 35. Rxf2 Ra1+ (35... Rxf2 36. Kxf2 Kh7 37. c6 Kg6 38. Ke3 Kxf6 39. Kd4
$13) 36. Kh2 (36. Rf1 Rxf1+ 37. Kxf1 Kh7 38. Kf2 Kg6 $17) 36... Bd7 $13) 24...
Bd7 {/\ 25...Qa8, 26...Ra1} 25. f5 Bg5 26. f6 (26. Qf2 Bh4) 26... g6 (26... Qa8
$5 27. fxg7 (27. Qf2 Ra2 28. Qg3 g6) 27... Ra1 $1 28. Qf2 Rxf1+ 29. Bxf1 Bh6
30. h4 Bxg7 31. g5 $14) 27. h4 $5 (27. Qf2 Qa8 28. h4 (28. Be3 Ra2 29. Qf3
Bxe3+ 30. Qxe3 Rxg2+ 31. Kxg2 d4+ 32. Qf3 Bc6 $19) 28... Ra2 29. Qg3 Bd2 $11)
27... Bxh4 (27... Bh6 28. g5 Bf8 29. h5 Qa8 30. hxg6 hxg6 31. Kh2 Ra2 32. Qd1
$1 $16 {/\ Rf1-f4-h4, Qd1-f3-h3, Rh4-h8 matt}) 28. Qd2 g5 (28... Qf8 $1 29. Be3
(29. g5 h6 30. Be3 (30. gxh6 g5 31. Bf2 Qxh6 (31... Bxf2+ 32. Rxf2 Qxh6 33. Bf1
{/\ Rg2}) 32. Bxh4 Qxh4 $17) 30... Bg3 31. Qd4 (31. gxh6 Kh7 (31... Bxe5 32.
h7+ Kxh7 33. Rf3 $40) 32. Qd4 Qb8 33. Bf4 Bxf4 34. Qxf4 $15) 31... h5 (31...
hxg5 32. Bxg5 Qb8 33. Bf4 Bxf4 34. Qxf4 Ra2 35. Rf3 $16) 32. Rf3 Ra1+ 33. Bf1
Be1 $17) (29. c6 $1 Rxc6 (29... Bxc6 30. Bc5 $18) 30. Bc5 Rxc5 31. bxc5 Qxc5+
32. Kh1 Bg3 33. Ra1 Bc6 34. Qh6 (34. Ra6 Bxe5) 34... Qf8 35. Qe3 Bh4 36. g5 h6
37. gxh6 g5 38. Ra6 $13) 29... Bg3 30. Bd4 h6 $17) 29. Bf2 Bxf2+ $6 (29... Kh8
$1 30. Bxh4 gxh4 31. Qh6 Qg8 $11) 30. Rxf2 Ra1+ $2 (30... h6 $6 31. Bf1 Bc6 (
31... Qb8 32. Qe3 Kh7 33. Rh2 Qg8 34. Rxh6+ Kxh6 35. Qh3+ Kg6 36. Qh5#) 32. Rh2
Qf8 33. Rh5 Ra1 34. Qg2 $3 {/\ Qh3} (34. Qh2 Qa8 35. Rxh6 (35. Qh3 Qa3 36. Rxh6
Rxf1+ 37. Qxf1 Qxc3) 35... Rxf1+ 36. Kxf1 Qa1+ $11) 34... Qa8 (34... d4 35.
Qxc6 dxc3 36. Rh2 $18) 35. Rxh6 Qa3 36. Qc2 $18) (30... Kh8 31. Qxg5 Qg8 $11)
31. Bf1 Kh8 (31... h6 32. Rh2 Qf8 33. Rh5 d4 34. Qxd4 Bc6 35. Qe3 $14) 32. Rh2
$1 Qg8 33. Rh6 d4 $6 (33... Bc6 34. Kf2 {/\ Bf1-e2-d1-c2} Qa8 35. Be2 Ra2 36.
Qxg5 Qg8 37. Qf4 {/\ g4-g5-g6}) (33... Bc6 34. Kf2 {/\ Bf1-e2-d1-c2} Qa8 35.
Be2 Ra2 36. Qxg5 Qg8 37. Qf4 {/\ g4-g5-g6}) 34. Qxd4 Bc6 35. Kf2 Qa8 36. Be2
Ra2 (36... Bh1 37. Rh2 Ra2 38. Qe3) 37. Qe3 Qd8 (37... Bh1 38. Rh2 Qe4 39. Qxe4
Bxe4 40. Ke3 Bc6 41. Rh3 Rc2 42. Kf2 {/\ Kf2-e1-d1} Rc1 43. Re3 Kg8 44. Bf3
Bxf3 45. Rxf3 Rd1 46. Re3 $16 {/\ Re3-e2-a2-a5}) 38. Kg3 $1 (38. Qxg5 Rxe2+ 39.
Kxe2 Qd3+ 40. Kf2 Qf3+ 41. Ke1 Qxc3+ 42. Qd2 Qg3+ (42... Qxe5+ 43. Kf2 Bd5 $13)
43. Kd1 Qg1+ (43... Bd5 $5 44. Qd4 $13) 44. Kc2 Be4+ 45. Kb2 Qb1+ 46. Kc3 Qa1+
47. Qb2 Qe1+ 48. Qd2 $11 (48. Kd4 Bd5 $17)) 38... Rc2 (38... Qd2 39. Qxd2 Rxd2
40. Kf2 Rc2 (40... Rd5 41. Bf3 Rd2+ 42. Ke1 $18) 41. Rh3 $14) 39. Rh2 Qg8 $2
$138 (39... Qd2 40. Qxd2 Rxd2 41. Kf2 Rd5 (41... Rc2 42. Rh3 $14) 42. Rh1 $1 (
42. Bf3 Rd2+ 43. Ke3 Rxh2 44. Bxc6 $13) 42... Rxe5 43. Rd1 Rd5 44. Rxd5 exd5
45. Ke3 $16) 40. Bf3 $18 Rxh2 41. Kxh2 Bxf3 42. Qxf3 Qd8 43. c6 h6 44. Kg3 (44.
Qe3 Qd5 45. Qd4 (45. c7 Qd7) 45... Qf3 (45... Qxc6 46. Qd8+ Kh7 47. Qf8 $18)
46. c7 Qe2+ 47. Kg3 Qe1+ 48. Kg2 Qe2+ 49. Qf2 Qxg4+ 50. Kh2 Qh5+ 51. Kg3 Qh4+
52. Kf3 Qf4+ 53. Kg2 $11) 44... Qb6 (44... Kg8 45. Qe3 Qd5 46. Qd4 (46. c7 Qd7)
46... Qh1 47. Kf2 Qh2+ 48. Ke3 Qg1+ (48... Qg3+ 49. Kd2 Qg2+ 50. Kc1 $18) 49.
Kd2 Qg2+ 50. Kc1 Qxc6 (50... Qh1+ 51. Qd1 $18) 51. Qd8+ Kh7 52. Qf8 Qh1+ 53.
Kb2 Qg2+ 54. Ka3 Qa8+ 55. Qxa8) 45. Kg2 Qc7 (45... Kg8 46. c7 Qxc7 47. Qa8+ Kh7
48. Qf8 $18) 46. Qe4 Kg8 47. Kf1 $1 Kh8 (47... Qa7 48. c7 Qa1+ 49. Ke2 Qa2+ 50.
Kf3 Qa6 51. Kg3 $18) (47... Qd8 48. Qd4 $18) 48. Kf2 $1 {/\ Qe4-d4} h5 (48...
Qa7+ 49. Qe3 Qa2+ (49... Qc7 50. Qc5 $18) 50. Kg3 $18) 49. Qd4 (49. Qe3 $1)
49... Kh7 (49... hxg4 50. Qd7 g3+ 51. Kg2 Qxe5 52. Qe8+ Kh7 53. Qxf7+ Kh6 54.
Qg7+ Kh5 55. Qh7+ Kg4 56. Qh3+ Kf4 57. Qxg3+) 50. Qd7 Qb6+ 51. Ke2 (51. Ke2 Kg6
52. gxh5+ Kxh5 53. c7 $18) 1-0

[Event "RUS-ch m5-8"]
[Site "Elista"]
[Date "1997.06.05"]
[Round "6.6"]
[White "Bareev, Evgeny"]
[Black "Svidler, Peter"]
[Result "1-0"]
[WhiteElo "2665"]
[BlackElo "2640"]
[Annotator "Svidler,P"]
[PlyCount "81"]
[EventDate "1997.05.19"]
[EventType "k.o."]
[EventRounds "6"]
[EventCountry "RUS"]
[SourceTitle "CBM 059"]
[Source "ChessBase"]
[SourceDate "1997.08.01"]
[SourceVersion "1"]
[SourceVersionDate "1997.08.01"]
[SourceQuality "1"]

1. d4 Nf6 2. c4 g6 3. Nc3 Bg7 4. e4 d6 5. h3 O-O 6. Bg5 Nbd7 7. Nf3 h6 8. Be3
e5 9. d5 Nc5 10. Nd2 a5 11. a3 Qe8 {/\ a5-a4, /\ Nf6-h5, f7-f6} (11... Ne8 12.
b4 axb4 13. axb4 Rxa1 14. Qxa1 Na6 15. Qa3 f5 16. Nb3 $16 {Beliavsky-Khalifman
(Ubeda 1997)}) 12. b4 Na6 13. Nb3 $6 (13. Rb1 $142 axb4 14. axb4 Nd7 $13 (14...
Nh5 15. c5 f5 16. cxd6 cxd6 17. Nc4 $14)) 13... axb4 14. axb4 Bd7 $1 15. b5 Nb4
16. Be2 Rxa1 17. Nxa1 Qa8 18. O-O Na2 (18... Qa3 19. Qd2 Ra8 20. Nc2 Nxc2 21.
Qxc2 b6 22. Qd2 Qa5 23. Rc1 Kh7 $13) 19. Na4 $1 Qa5 (19... Nxe4 20. Qb3 $18)
20. Qb3 Ra8 21. Bd1 c6 $4 (21... Qxa4 $2 22. Qxa4 Rxa4 23. Bxa4 Nc3 24. Bc2
Nfxe4 25. Nb3 $16 {/\ Rf1-a1-a7}) (21... Nc3 $1 22. Nxc3 Qxa1 $11) 22. Nb6 $1
Rb8 23. Nxd7 Nxd7 24. Bg4 Nc5 25. Bxc5 dxc5 26. bxc6 Nb4 27. cxb7 Rxb7 28. Nc2
Bf8 $2 29. Na3 $18 Qb6 30. Nb5 Rb8 31. Ra1 Na6 32. Bd7 Nc7 33. Qf3 Rb7 34. Bc6
Nxb5 35. cxb5 Ra7 36. Rd1 Ra4 37. d6 Rd4 38. Rxd4 cxd4 39. Bd5 Qa7 40. b6 Qd7
41. Qxf7+ 1-0